Transfery Realu Madryt od 2010 roku - Statystyki

Ogólne statystyki
  • Ten quiz został rozwiązany 245 razy
  • Średni wynik to 22 z 52
Statystyki odpowiedzi
Sezon | Kwota ( mln euro) | Poprzedni Klub Zawodnik % Poprawnych
2018/19 | 45 mln | Flamenco Vinicius
84%
2023/24 | 103 mln | Borussia Dortmund Jude Bellingham
83%
2012/13 | 35 mln | Tottenham Luka Modric
82%
2019/20 | 45 mln | Santos Rodrygo
81%
2013/14 | 101 mln | Tottenham Gareth Bale
77%
2021/22 | 31 mln | Stade Rennes Eduardo Camavinga
75%
2019/20 | 115 mln | Chelsea Eden Hazard
73%
2024/25 | 45 mln | Palmeiras Endrick
73%
2010/11 | 33 mln | Benfica di Maria
70%
2023/24 | 20 mln | Fenerbahce Arda Guler
69%
2019/20 | 50 mln | FC Porto Eder Militao
67%
2019/20 | 63 mln | Eintracht Luka Jovic
67%
2019/20 | 48 mln | Olympique Lyon Ferland Mendy
65%
2018/19 | 8.5 mln | Zorya Ługańsk Andryi Lunin
64%
2022/23 | 80 mln | AS Monaco Aurelien Tchouameni
64%
2013/14 | 30 mln | Malaga Isco
59%
2010/11 | 18 mln | Werder Brema Mesut Ozil
59%
2013/14 | 6 mln | Sao Paulo Casemiro
56%
2015/16 | 15 mln | FC Porto Casemiro
56%
2018/19 | 35 mln | Chelsea Thibaut Courtois
55%
2013/14 | 6.5 mln | Bayer Leverkusen Daniel Carvajal
54%
2014/15 | 25 mln | Bayern Monachium Toni Kross
52%
2014/15 | 75 mln | AS Monaco James Rodriguez
50%
2010/11 | 14 mln | VFB Stuttgart Sami Khedira
50%
2023/24 | 5 mln | Rayo Vallecano Fran Garcia
48%
2018/19| 17 mln | Manchester City Brahim Diaz
45%
2016/17 | 30 mln | Juventus Alvaro Morata
42%
2011/12 | 11 mln | RC Lens Raphael Varane
39%
2015/16 | 38 mln | Inter Mediolan Mateo Kovacic
38%
2013/14 | 32 mln | Real Sociedad Asier Illaramendi
36%
2017/18 | 16.5 mln | Real Betis Dani Ceballos
35%
2014/15 | 10 mln | Levante UD Keylor Navas
34%
2015/16 | 3.9 mln | RCD Mallorca Marco Asensio
33%
2011/12 | 10 mln | Borussia Dortmund Nuri Sahin
30%
2011/12 | 30 mln | Benfica Fabio Coentrao
28%
2015/16 | 31.5 mln | FC Porto Danilo
27%
2015/16 | 1 mln | Espanyol Lucas Vazquez
24%
2017/18 | 24 mln | Atletico Madryt Theo Hernandez
24%
2018/19 | 21.5 mln | Olympique Lyon Mariano
23%
2018/19 | 32 mln | Real Sociedad Alvaro Odriozola
22%
2012/13 | 3.5 mln | Sevilla Diego Lopez
21%
2015/16 | 5 mln | Real Saragossa Jesus Vallejo
20%
2019/20 | 30 mln | Flamenco Reinier
19%
2015/16 | 6 mln | Espanyol Kiko Casilla
18%
2010/11 | 8 mln | Chelsea Ricardo Carvalho
18%
2014/15 | 13 mln | Cruzeiro Lucas Silva
13%
2010/11 | 10 mln | Getafe Pedro Leon
9%
2011/12 | 5 mln | Espanyol Jose Callejon
7%
2010/11 | 6 mln | Racing Santander Sergio Canales
4%
2019/20 | 2.5 mln | Real Saragossa Alberto Soro
1%
2018/19 | 1.75 mln | CA Osasuna Lucas Torro
1%
2018/19| 4 mln | Eintracht Frankfurt Omar Mascarell
1%
Nie znaleziono quizów pasujących do podanych kryteriów
Rozkład punktacji
Procent ludzi z każdym wynikiem
Percentyl według liczby udzielonych odpowiedzi
Twoja historia wyników
Nie rozwiązałeś tego quizu